Contemporary Logistics /
Đã lưu trong:
| Tác giả chính: | |
|---|---|
| Tác giả khác: | |
| Định dạng: | Sách |
| Ngôn ngữ: | Tiếng Anh |
| Được phát hành: |
Upper Saddle River, EUA :
Pearson,
2004, c2004
|
| Phiên bản: | 8a edición |
| Những chủ đề: | |
| Các nhãn: |
Không có thẻ, Là người đầu tiên thẻ bản ghi này!
|
MARC
| LEADER | 00000nam^a2200000^a^4500 | ||
|---|---|---|---|
| 001 | 000165364 | ||
| 005 | 20250521000000.0 | ||
| 009 | 20260310101015.068 | ||
| 020 | |a 0-13-035280-2 | ||
| 037 | |a Acervo ITESO - Biblioteca | ||
| 041 | |a ING | ||
| 082 | |a 658. 5 |b MUR | ||
| 100 | |a Murphy, Paul R., |c hijo |e (autor) | ||
| 245 | 1 | 0 | |a Contemporary Logistics / |c P.R. Murphy, hijo, D.F. Wood. |
| 250 | |a 8a edición | ||
| 264 | 4 | |a Upper Saddle River, EUA : |b Pearson, |c 2004, c2004 | |
| 300 | |a XII, 531 p. | ||
| 336 | |a texto |b txt |2 rdacontenido | ||
| 337 | |a sin mediación |b n |2 rdamedio | ||
| 338 | |a volumen |b nc |2 rdasoporte | ||
| 649 | |a XX | ||
| 650 | |a Logística Empresarial - |x Generalidades - |x Tema Principal | ||
| 650 | |a Ingeniería Industrial | ||
| 650 | |a Administración | ||
| 650 | |a Ciencias Administrativas | ||
| 700 | |a Wood, Donald F. |e (autor) | ||
| 910 | |a Fondo General | ||
| 920 | |a Impresos - Libros | ||
| 930 | |a Colección General | ||
| 905 | |a 101 | ||
| 901 | |a 0500100094 |b IT1 |c ACC |u 20250521 | ||
| 901 | |a 0500100088 |b IT1 |c ACC |u 20250521 | ||
| 902 | |a https://opac.biblio.iteso.mx/vufind/Record/000165364 | ||